000 00582cam a2200157 4500
001 ABS61032
008 000000n1999 000 0 eng u
035 _a(Sirsi) u101586
100 _aPartridge, C.
245 _aValue judgments.
260 _c1999
490 _aEstates Gazette
_v(9930) 31 July 1999, 88-89(2)
520 _aConsiders the effects of the Rating (Valuation) Act 1999 which was introduced to revalidate the 1990 and 1995 valuations that were cast into doubt by the LT decision in Benjamin v Anston Properties Ltd.
690 _aRATING AND VALUATION
942 _n0
999 _c60718
_d60718